000
00305nam a2200133Ia 4500
005
20251222144849.0
008
251222s9999||||xx |||||||||||||| ||spa||
020
_a
84-8280-786-2
082
_a
813.52/B94T
100
_a
Burrougs, Edgar Rice
245
0
_a
Tarzán:
264
_b
Oveja Negra
942
_c
LIB
999
_c
21533
_d
21533